PSG Full Squads (2000-) - Statistics

General Stats
  • This quiz has been taken 2,156 times
    1,399 since last reset
  • The average score is 245 of 625
Answer Stats
Year # Pos/Country Answer % Correct
2021-2022 50 GK Gianluigi Donnarumma
97%
2022-2023 99 GK Gianluigi Donnarumma
97%
2023-2024 99 GK Gianluigi Donnarumma
97%
2024-2025 1 GK Gianluigi Donnarumma
97%
2021-2022 2 DF Achraf Hakimi
96%
2022-2023 2 DF Achraf Hakimi
96%
2023-2024 2 DF Achraf Hakimi
96%
2024-2025 2 DF Achraf Hakimi
96%
2013-2014 5 DF Marquinhos
96%
2014-2015 5 DF Marquinhos
96%
2015-2016 5 DF Marquinhos
96%
2016-2017 5 DF Marquinhos
96%
2017-2018 5 DF Marquinhos
96%
2018-2019 5 DF Marquinhos
96%
2019-2020 5 DF Marquinhos
96%
2020-2021 5 DF Marquinhos
96%
2021-2022 5 DF Marquinhos
96%
2022-2023 5 DF Marquinhos
96%
2023-2024 5 DF Marquinhos
96%
2024-2025 5 DF Marquinhos
96%
2017-2018 29 FW Kylian Mbappé
94%
2018-2019 7 FW Kylian Mbappé
94%
2019-2020 7 FW Kylian Mbappé
94%
2020-2021 7 FW Kylian Mbappé
94%
2021-2022 7 FW Kylian Mbappé
94%
2022-2023 7 FW Kylian Mbappé
94%
2023-2024 7 FW Kylian Mbappé
94%
2017-2018 10 MF Neymar
93%
2018-2019 10 MF Neymar
93%
2019-2020 10 MF Neymar
93%
2020-2021 10 MF Neymar
93%
2021-2022 10 MF Neymar
93%
2022-2023 10 MF Neymar
93%
2019-2020 1 GK Keylor Navas
92%
2020-2021 1 GK Keylor Navas
92%
2021-2022 1 GK Keylor Navas
92%
2022-2023 1 GK Keylor Navas
92%
2023-2024 1 GK Keylor Navas
92%
2023-2024 10 FW Ousmane Dembélé
92%
2024-2025 10 FW Ousmane Dembélé
92%
2023-2024 9 FW Gonçalo Ramos
90%
2024-2025 9 FW Gonçalo Ramos
90%
2021-2022 30 FW Lionel Messi
90%
2022-2023 30 FW Lionel Messi
90%
2021-2022 4 DF Sergio Ramos
90%
2022-2023 4 DF Sergio Ramos
90%
2022-2023 17 MF Vitinha
90%
2023-2024 17 MF Vitinha
90%
2024-2025 17 MF Vitinha
90%
2013-2014 9 FW Edinson Cavani
89%
2014-2015 9 FW Edinson Cavani
89%
2015-2016 9 FW Edinson Cavani
89%
2016-2017 9 FW Edinson Cavani
89%
2017-2018 9 FW Edinson Cavani
89%
2018-2019 9 FW Edinson Cavani
89%
2019-2020 9 FW Edinson Cavani
89%
2022-2023 8 MF Fabián Ruiz
89%
2023-2024 8 MF Fabián Ruiz
89%
2024-2025 8 MF Fabián Ruiz
89%
2012-2013 24 MF Marco Verratti
89%
2013-2014 24 MF Marco Verratti
89%
2014-2015 24 MF Marco Verratti
89%
2015-2016 6 MF Marco Verratti
89%
2016-2017 6 MF Marco Verratti
89%
2017-2018 6 MF Marco Verratti
89%
2018-2019 6 MF Marco Verratti
89%
2019-2020 6 MF Marco Verratti
89%
2020-2021 6 MF Marco Verratti
89%
2021-2022 6 MF Marco Verratti
89%
2022-2023 6 MF Marco Verratti
89%
2012-2013 10 FW Zlatan Ibrahimović
89%
2013-2014 10 FW Zlatan Ibrahimović
89%
2014-2015 10 FW Zlatan Ibrahimović
89%
2015-2016 10 FW Zlatan Ibrahimović
89%
2015-2016 11 FW Ángel Di María
88%
2016-2017 11 FW Ángel Di María
88%
2017-2018 11 FW Ángel Di María
88%
2018-2019 11 FW Ángel Di María
88%
2019-2020 11 FW Ángel Di María
88%
2020-2021 11 FW Ángel Di María
88%
2021-2022 11 FW Ángel Di María
88%
2024-2025 7 FW Khvicha Kvaratskhelia
87%
2021-2022 25 DF Nuno Mendes
86%
2022-2023 25 DF Nuno Mendes
86%
2023-2024 25 DF Nuno Mendes
86%
2024-2025 25 DF Nuno Mendes
86%
2012-2013 2 DF Thiago Silva
86%
2013-2014 2 DF Thiago Silva
86%
2014-2015 2 DF Thiago Silva
86%
2015-2016 2 DF Thiago Silva
86%
2016-2017 2 DF Thiago Silva
86%
2017-2018 2 DF Thiago Silva
86%
2018-2019 2 DF Thiago Silva
86%
2019-2020 2 DF Thiago Silva
86%
2024-2025 14 FW Désiré Doué
85%
2023-2024 19 FW Kang-in Lee
84%
2024-2025 19 FW Kang-in Lee
84%
2014-2015 33 DF Presnel Kimpembe
84%
2015-2016 3 DF Presnel Kimpembe
84%
2016-2017 3 DF Presnel Kimpembe
84%
2017-2018 3 DF Presnel Kimpembe
84%
2018-2019 3 DF Presnel Kimpembe
84%
2019-2020 3 DF Presnel Kimpembe
84%
2020-2021 3 DF Presnel Kimpembe
84%
2021-2022 3 DF Presnel Kimpembe
84%
2022-2023 3 DF Presnel Kimpembe
84%
2023-2024 29 FW Bradley Barcola
81%
2024-2025 29 FW Bradley Barcola
81%
2024-2025 87 MF João Neves
80%
2023-2024 37 DF Milan Škriniar
77%
2024-2025 37 DF Milan Škriniar
77%
2024-2025 51 DF Willian Pacho
77%
2016-2017 23 FW Julian Draxler
76%
2017-2018 23 FW Julian Draxler
76%
2018-2019 23 FW Julian Draxler
76%
2019-2020 23 FW Julian Draxler
76%
2020-2021 23 FW Julian Draxler
76%
2021-2022 23 FW Julian Draxler
76%
2015-2016 16 GK Kevin Trapp
76%
2016-2017 1 GK Kevin Trapp
76%
2017-2018 1 GK Kevin Trapp
76%
2023-2024 11 FW Marco Asensio
72%
2024-2025 11 FW Marco Asensio
72%
2019-2020 18 FW Mauro Icardi
72%
2020-2021 9 FW Mauro Icardi
72%
2021-2022 9 FW Mauro Icardi
72%
2023-2024 21 DF Lucas Hernández
71%
2024-2025 21 DF Lucas Hernández
71%
2018-2019 1 GK Gianluigi Buffon
70%
2018-2019 8 MF Leandro Paredes
70%
2019-2020 8 MF Leandro Paredes
70%
2020-2021 8 MF Leandro Paredes
70%
2021-2022 8 MF Leandro Paredes
70%
2022-2023 8 MF Leandro Paredes
70%
2016-2017 16 GK Alphonse Areola
69%
2017-2018 16 GK Alphonse Areola
69%
2018-2019 16 GK Alphonse Areola
69%
2011-2012 28 MF Thiago Motta
69%
2012-2013 28 MF Thiago Motta
69%
2013-2014 8 MF Thiago Motta
69%
2014-2015 8 MF Thiago Motta
69%
2015-2016 8 MF Thiago Motta
69%
2016-2017 8 MF Thiago Motta
69%
2017-2018 8 MF Thiago Motta
69%
2011-2012 27 MF Javier Pastore
68%
2012-2013 27 MF Javier Pastore
68%
2013-2014 27 MF Javier Pastore
68%
2014-2015 27 MF Javier Pastore
68%
2015-2016 27 MF Javier Pastore
68%
2016-2017 10 MF Javier Pastore
68%
2017-2018 27 MF Javier Pastore
68%
2018-2019 4 DF Thilo Kehrer
68%
2019-2020 4 DF Thilo Kehrer
68%
2020-2021 4 DF Thilo Kehrer
68%
2021-2022 24 DF Thilo Kehrer
68%
2016-2017 12 DF Thomas Meunier
68%
2017-2018 12 DF Thomas Meunier
68%
2018-2019 12 DF Thomas Meunier
68%
2019-2020 12 DF Thomas Meunier
68%
2022-2023 33 MF Warren Zaïre-Emery
68%
2023-2024 33 MF Warren Zaïre-Emery
68%
2024-2025 33 MF Warren Zaïre-Emery
68%
2011-2012 14 MF Blaise Matuidi
67%
2012-2013 14 MF Blaise Matuidi
67%
2013-2014 14 MF Blaise Matuidi
67%
2014-2015 14 MF Blaise Matuidi
67%
2015-2016 14 MF Blaise Matuidi
67%
2016-2017 14 MF Blaise Matuidi
67%
2017-2018 14 MF Blaise Matuidi
67%
2001-2002 21 FW Ronaldinho
67%
2002-2003 10 FW Ronaldinho
67%
2012-2013 11 FW Ezequiel Lavezzi
66%
2013-2014 22 FW Ezequiel Lavezzi
66%
2014-2015 22 FW Ezequiel Lavezzi
66%
2015-2016 22 FW Ezequiel Lavezzi
66%
2011-2012 30 GK Salvatore Sirigu
66%
2012-2013 30 GK Salvatore Sirigu
66%
2013-2014 30 GK Salvatore Sirigu
66%
2014-2015 30 GK Salvatore Sirigu
66%
2015-2016 30 GK Salvatore Sirigu
66%
2019-2020 27 MF Idrissa Gueye
65%
2020-2021 27 MF Idrissa Gueye
65%
2021-2022 27 MF Idrissa Gueye
65%
2018-2019 14 DF Juan Bernat
65%
2019-2020 14 DF Juan Bernat
65%
2020-2021 14 DF Juan Bernat
65%
2021-2022 14 DF Juan Bernat
65%
2022-2023 14 DF Juan Bernat
65%
2012-2013 29 FW Lucas Moura
64%
2013-2014 29 FW Lucas Moura
64%
2014-2015 7 FW Lucas Moura
64%
2015-2016 7 FW Lucas Moura
64%
2016-2017 7 FW Lucas Moura
64%
2017-2018 7 FW Lucas Moura
64%
2020-2021 15 DF Danilo Pereira
63%
2021-2022 15 DF Danilo Pereira
63%
2022-2023 15 DF Danilo Pereira
63%
2023-2024 15 DF Danilo Pereira
63%
2011-2012 17 DF Maxwell
62%
2012-2013 17 DF Maxwell
62%
2013-2014 17 DF Maxwell
62%
2014-2015 17 DF Maxwell
62%
2015-2016 17 DF Maxwell
62%
2016-2017 17 DF Maxwell
62%
2023-2024 35 DF Lucas Beraldo
61%
2024-2025 35 DF Lucas Beraldo
61%
2023-2024 4 MF Manuel Ugarte
60%
2024-2025 39 GK Matvey Safonov
58%
2014-2015 32 DF David Luiz
57%
2015-2016 32 DF David Luiz
57%
2016-2017 32 DF David Luiz
57%
2018-2019 17 FW Eric-Maxim Choupo-Moting
57%
2019-2020 17 FW Eric-Maxim Choupo-Moting
57%
2023-2024 41 MF Senny Mayulu
57%
2024-2025 24 MF Senny Mayulu
57%
2014-2015 19 DF Serge Aurier
57%
2015-2016 19 DF Serge Aurier
57%
2016-2017 19 DF Serge Aurier
57%
2012-2013 25 MF Adrien Rabiot
56%
2013-2014 25 MF Adrien Rabiot
56%
2014-2015 25 MF Adrien Rabiot
56%
2015-2016 25 MF Adrien Rabiot
56%
2016-2017 25 MF Adrien Rabiot
56%
2017-2018 25 MF Adrien Rabiot
56%
2018-2019 25 MF Adrien Rabiot
56%
2021-2022 18 MF Georginio Wijnaldum
56%
2023-2024 23 FW Randal Kolo Muani
56%
2024-2025 23 FW Randal Kolo Muani
56%
2017-2018 32 DF Dani Alves
55%
2018-2019 13 DF Dani Alves
55%
2023-2024 80 GK Arnau Tenas
53%
2024-2025 80 GK Arnau Tenas
53%
2012-2013 32 MF David Beckham
53%
2012-2013 23 DF Gregory van der Wiel
50%
2013-2014 23 DF Gregory van der Wiel
50%
2014-2015 23 DF Gregory van der Wiel
50%
2015-2016 23 DF Gregory van der Wiel
50%
2022-2023 28 MF Carlos Soler
49%
2023-2024 28 MF Carlos Soler
49%
2015-2016 20 DF Layvin Kurzawa
49%
2016-2017 20 DF Layvin Kurzawa
49%
2017-2018 20 DF Layvin Kurzawa
49%
2018-2019 20 DF Layvin Kurzawa
49%
2019-2020 20 DF Layvin Kurzawa
49%
2020-2021 20 DF Layvin Kurzawa
49%
2003-2004 9 FW Pauleta
47%
2004-2005 9 FW Pauleta
47%
2005-2006 9 FW Pauleta
47%
2006-2007 9 FW Pauleta
47%
2007-2008 9 FW Pauleta
47%
2019-2020 22 DF Abdou Diallo
46%
2020-2021 22 DF Abdou Diallo
46%
2021-2022 22 DF Abdou Diallo
46%
2002-2003 7 MF André Luiz
46%
2017-2018 37 FW Timothy Weah
46%
2019-2020 21 MF Ander Herrera
45%
2020-2021 21 MF Ander Herrera
45%
2021-2022 21 MF Ander Herrera
45%
2020-2021 18 FW Moise Kean
44%
2016-2017 4 MF Grzegorz Krychowiak
43%
2019-2020 19 FW Pablo Sarabia
43%
2020-2021 19 FW Pablo Sarabia
43%
2022-2023 11 FW Pablo Sarabia
43%
2019-2020 16 GK Sergio Rico
43%
2020-2021 16 GK Sergio Rico
43%
2011-2012 13 DF Alex
42%
2012-2013 13 DF Alex
42%
2013-2014 13 DF Alex
42%
2024-2025 49 FW Ibrahim Mbaye
41%
2007-2008 3 DF Mamadou Sakho
39%
2008-2009 3 DF Mamadou Sakho
39%
2009-2010 3 DF Mamadou Sakho
39%
2010-2011 3 DF Mamadou Sakho
39%
2011-2012 3 DF Mamadou Sakho
39%
2012-2013 3 DF Mamadou Sakho
39%
2021-2022 34 MF Xavi Simons
39%
2020-2021 24 DF Alessandro Florenzi
38%
2011-2012 7 FW Jérémy Ménez
38%
2012-2013 7 FW Jérémy Ménez
38%
2013-2014 7 FW Jérémy Ménez
38%
2019-2020 25 DF Mitchel Bakker
38%
2020-2021 25 DF Mitchel Bakker
38%
2009-2010 26 DF Christophe Jallet
37%
2010-2011 26 DF Christophe Jallet
37%
2011-2012 26 DF Christophe Jallet
37%
2012-2013 26 DF Christophe Jallet
37%
2013-2014 26 DF Christophe Jallet
37%
2010-2011 10 MF Nenê
36%
2011-2012 10 MF Nenê
36%
2012-2013 10 MF Nenê
36%
2020-2021 12 MF Rafinha
36%
2022-2023 18 MF Renato Sanches
36%
2016-2017 22 FW Jesé
35%
2015-2016 33 FW Christopher Nkunku
34%
2016-2017 24 FW Christopher Nkunku
34%
2017-2018 24 FW Christopher Nkunku
34%
2018-2019 24 FW Christopher Nkunku
34%
2017-2018 18 MF Giovani Lo Celso
34%
2017-2018 19 MF Lassana Diarra
33%
2018-2019 19 MF Lassana Diarra
33%
2022-2023 44 FW Hugo Ekitiké
31%
2013-2014 38 FW Kingsley Coman
31%
2013-2014 16 GK Mike Maignan
31%
2000-2001 10 MF Jay-Jay Okocha
30%
2001-2002 10 MF Jay-Jay Okocha
30%
2013-2014 4 MF Yohan Cabaye
30%
2014-2015 4 MF Yohan Cabaye
30%
2008-2009 4 MF Claude Makélélé
28%
2009-2010 4 MF Claude Makélélé
28%
2010-2011 4 MF Claude Makélélé
28%
2018-2019 31 DF Colin Dagba
28%
2019-2020 31 DF Colin Dagba
28%
2020-2021 31 DF Colin Dagba
28%
2021-2022 17 DF Colin Dagba
28%
2016-2017 15 FW Gonçalo Guedes
28%
2000-2001 9 FW Nicolas Anelka
28%
2001-2002 9 FW Nicolas Anelka
28%
2013-2014 21 DF Lucas Digne
27%
2014-2015 21 DF Lucas Digne
27%
2022-2023 26 DF Nordi Mukiele
27%
2023-2024 26 DF Nordi Mukiele
27%
2008-2009 9 FW Guillaume Hoarau
26%
2009-2010 9 FW Guillaume Hoarau
26%
2010-2011 9 FW Guillaume Hoarau
26%
2011-2012 9 FW Guillaume Hoarau
26%
2017-2018 17 DF Yuri Berchiche
26%
2009-2010 1 GK Grégory Coupet
25%
2010-2011 1 GK Grégory Coupet
25%
2016-2017 21 MF Hatem Ben Arfa
25%
2000-2001 14 DF Mauricio Pochettino
25%
2001-2002 5 DF Mauricio Pochettino
25%
2002-2003 5 DF Mauricio Pochettino
25%
2018-2019 27 FW Moussa Diaby
25%
2023-2024 42 DF Yoram Zague
25%
2024-2025 42 DF Yoram Zague
25%
2007-2008 15 DF Zoumana Camara
25%
2008-2009 15 DF Zoumana Camara
25%
2009-2010 15 DF Zoumana Camara
25%
2010-2011 6 DF Zoumana Camara
25%
2011-2012 6 DF Zoumana Camara
25%
2012-2013 6 DF Zoumana Camara
25%
2013-2014 6 DF Zoumana Camara
25%
2014-2015 6 DF Zoumana Camara
25%
2011-2012 19 FW Kévin Gameiro
24%
2012-2013 19 FW Kévin Gameiro
24%
2000-2001 4 MF Mikel Arteta
24%
2001-2002 4 MF Mikel Arteta
24%
2011-2012 23 MF Mohamed Sissoko
24%
2012-2013 4 MF Mohamed Sissoko
24%
2011-2012 1 GK Nicolas Douchez
24%
2012-2013 1 GK Nicolas Douchez
24%
2013-2014 1 GK Nicolas Douchez
24%
2014-2015 1 GK Nicolas Douchez
24%
2015-2016 1 GK Nicolas Douchez
24%
2010-2011 35 DF Loïck Landre
23%
2000-2001 24 DF Bernard Mendy
21%
2001-2002 24 DF Bernard Mendy
21%
2003-2004 5 DF Bernard Mendy
21%
2004-2005 5 DF Bernard Mendy
21%
2005-2006 5 DF Bernard Mendy
21%
2006-2007 5 DF Bernard Mendy
21%
2007-2008 5 DF Bernard Mendy
21%
2006-2007 20 MF Clément Chantôme
21%
2007-2008 20 MF Clément Chantôme
21%
2008-2009 20 MF Clément Chantôme
21%
2009-2010 20 MF Clément Chantôme
21%
2010-2011 20 MF Clément Chantôme
21%
2011-2012 20 MF Clément Chantôme
21%
2012-2013 20 MF Clément Chantôme
21%
2014-2015 11 MF Clément Chantôme
21%
2008-2009 7 FW Ludovic Giuly
21%
2009-2010 7 FW Ludovic Giuly
21%
2010-2011 7 FW Ludovic Giuly
21%
2006-2007 1 GK Mickaël Landreau
21%
2007-2008 1 GK Mickaël Landreau
21%
2008-2009 1 GK Mickaël Landreau
21%
2009-2010 11 FW Mevlüt Erdinç
20%
2010-2011 11 FW Mevlüt Erdinç
20%
2011-2012 11 FW Mevlüt Erdinç
20%
2002-2003 21 FW Alioune Touré
19%
2003-2004 25 FW Alioune Touré
19%
2004-2005 25 MF Jérôme Rothen
19%
2005-2006 25 MF Jérôme Rothen
19%
2006-2007 25 MF Jérôme Rothen
19%
2007-2008 25 MF Jérôme Rothen
19%
2008-2009 25 MF Jérôme Rothen
19%
2001-2002 2 DF Gabriel Heinze
18%
2002-2003 2 DF Gabriel Heinze
18%
2003-2004 2 DF Gabriel Heinze
18%
2013-2014 37 DF Kalifa Traoré
18%
2006-2007 17 DF Sammy Traoré
18%
2008-2009 13 DF Sammy Traoré
18%
2009-2010 13 DF Sammy Traoré
18%
2010-2011 13 DF Sammy Traoré
18%
2015-2016 4 MF Benjamin Stambouli
17%
2008-2009 10 MF Stéphane Sessègnon
17%
2009-2010 10 MF Stéphane Sessègnon
17%
2010-2011 10 MF Stéphane Sessègnon
17%
2015-2016 29 FW Jean-Kévin Augustin
16%
2016-2017 29 FW Jean-Kévin Augustin
16%
2004-2005 6 DF Mario Yepes
16%
2005-2006 6 DF Mario Yepes
16%
2006-2007 6 DF Mario Yepes
16%
2007-2008 6 DF Mario Yepes
16%
2000-2001 26 MF Aliou Cissé
15%
2008-2009 30 GK Apoula Edel
15%
2009-2010 30 GK Apoula Edel
15%
2010-2011 30 GK Apoula Edel
15%
2000-2001 20 MF Édouard Cissé
15%
2001-2002 20 MF Édouard Cissé
15%
2004-2005 14 MF Édouard Cissé
15%
2005-2006 8 MF Édouard Cissé
15%
2006-2007 8 MF Édouard Cissé
15%
2010-2011 12 MF Mathieu Bodmer
15%
2011-2012 12 MF Mathieu Bodmer
15%
2012-2013 12 MF Mathieu Bodmer
15%
2004-2005 22 DF Sylvain Armand
15%
2005-2006 22 DF Sylvain Armand
15%
2006-2007 22 DF Sylvain Armand
15%
2007-2008 22 DF Sylvain Armand
15%
2008-2009 22 DF Sylvain Armand
15%
2009-2010 22 DF Sylvain Armand
15%
2010-2011 22 DF Sylvain Armand
15%
2011-2012 22 DF Sylvain Armand
15%
2012-2013 22 DF Sylvain Armand
15%
2020-2021 32 DF Timothée Pembélé
15%
2022-2023 29 DF Timothée Pembélé
15%
2011-2012 15 DF Diego Lugano
14%
2010-2011 37 FW Jean-Christophe Bahebeck
14%
2011-2012 25 FW Jean-Christophe Bahebeck
14%
2014-2015 15 FW Jean-Christophe Bahebeck
14%
2007-2008 2 DF Ceará
13%
2008-2009 2 DF Ceará
13%
2009-2010 2 DF Ceará
13%
2010-2011 2 DF Ceará
13%
2011-2012 2 DF Ceará
13%
2005-2006 12 MF Cristian Rodríguez
13%
2006-2007 21 MF Cristian Rodríguez
13%
2022-2023 31 DF El Chadaille Bitshiabu
13%
2022-2023 35 FW Ismaël Gharbi
13%
2006-2007 7 FW Péguy Luyindula
13%
2007-2008 7 FW Péguy Luyindula
13%
2008-2009 8 FW Péguy Luyindula
13%
2009-2010 8 FW Péguy Luyindula
13%
2010-2011 8 FW Péguy Luyindula
13%
2005-2006 15 FW Bonaventure Kalou
12%
2006-2007 15 FW Bonaventure Kalou
12%
2008-2009 14 FW Mateja Kežman
12%
2009-2010 14 FW Mateja Kežman
12%
2010-2011 14 FW Mateja Kežman
12%
2013-2014 35 MF Hervin Ongenda
11%
2014-2015 18 MF Hervin Ongenda
11%
2015-2016 35 MF Hervin Ongenda
11%
2003-2004 19 MF Lorik Cana
11%
2004-2005 19 MF Lorik Cana
11%
2011-2012 4 DF Milan Bisevac
11%
2010-2011 5 DF Siaka Tiéné
11%
2011-2012 5 DF Siaka Tiéné
11%
2006-2007 11 FW Amara Diané
10%
2007-2008 11 FW Amara Diané
10%
2000-2001 16 GK Lionel Létizi
10%
2001-2002 1 GK Lionel Létizi
10%
2002-2003 1 GK Lionel Létizi
10%
2003-2004 1 GK Lionel Létizi
10%
2004-2005 1 GK Lionel Létizi
10%
2005-2006 1 GK Lionel Létizi
10%
2019-2020 35 DF Tanguy Nianzou
9%
2006-2007 23 MF Jérémy Clément
8%
2007-2008 23 MF Jérémy Clément
8%
2008-2009 23 MF Jérémy Clément
8%
2009-2010 23 MF Jérémy Clément
8%
2010-2011 23 MF Jérémy Clément
8%
2001-2002 16 GK Jérôme Alonzo
8%
2002-2003 16 GK Jérôme Alonzo
8%
2003-2004 16 GK Jérôme Alonzo
8%
2004-2005 16 GK Jérôme Alonzo
8%
2005-2006 16 GK Jérôme Alonzo
8%
2006-2007 16 GK Jérôme Alonzo
8%
2007-2008 16 GK Jérôme Alonzo
8%
2017-2018 13 DF Stanley Nsoki
8%
2018-2019 34 DF Stanley Nsoki
8%
2001-2002 11 FW Alex Dias
7%
2021-2022 28 MF Junior Dina Ebimbe
7%
2001-2002 14 FW Fabrice Fiorèse
6%
2002-2003 14 FW Fabrice Fiorèse
6%
2003-2004 11 FW Fabrice Fiorèse
6%
2004-2005 11 FW Fabrice Fiorèse
6%
2000-2001 13 DF Frédéric Déhu
6%
2001-2002 6 DF Frédéric Déhu
6%
2002-2003 6 DF Frédéric Déhu
6%
2003-2004 6 DF Frédéric Déhu
6%
2009-2010 21 FW Jean-Eudes Maurice
6%
2010-2011 21 FW Jean-Eudes Maurice
6%
2011-2012 21 FW Jean-Eudes Maurice
6%
2001-2002 28 MF Jérôme Leroy
6%
2002-2003 4 MF Jérôme Leroy
6%
2003-2004 4 MF Jérôme Leroy
6%
2003-2004 3 DF Juan Pablo Sorín
6%
2003-2004 7 FW Kaba Diawara
6%
2000-2001 19 FW Laurent Leroy
6%
2002-2003 19 FW Laurent Leroy
6%
2007-2008 10 MF Souza
6%
2005-2006 10 MF Vikash Dhorasoo
6%
2006-2007 10 MF Vikash Dhorasoo
6%
2003-2004 28 FW Danijel Ljuboja
5%
2004-2005 28 FW Danijel Ljuboja
5%
2005-2006 4 DF David Rozehnal
5%
2006-2007 4 DF David Rozehnal
5%
2004-2005 7 FW Fabrice Pancrate
5%
2005-2006 7 FW Fabrice Pancrate
5%
2006-2007 7 FW Fabrice Pancrate
5%
2008-2009 12 FW Fabrice Pancrate
5%
2000-2001 11 FW Laurent Robert
5%
2003-2004 23 MF Modeste M'Bami
5%
2004-2005 23 MF Modeste M'Bami
5%
2005-2006 23 MF Modeste M'Bami
5%
2000-2001 8 MF Ali Benarbia
4%
2001-2002 14 MF Ali Benarbia
4%
2000-2001 15 MF Éric Rabésandratana
4%
2007-2008 19 FW Éverton Santos
4%
2001-2002 8 MF Hugo Leal
4%
2002-2003 20 MF Hugo Leal
4%
2003-2004 20 MF Hugo Leal
4%
2006-2007 10 MF Marcelo Gallardo
4%
2007-2008 10 MF Marcelo Gallardo
4%
2002-2003 15 MF Paulo César
4%
2003-2004 15 MF Paulo César
4%
2005-2006 28 MF Paulo César
4%
2006-2007 28 MF Paulo César
4%
2006-2007 13 FW Pierre-Alain Frau
4%
2007-2008 13 FW Pierre-Alain Frau
4%
2004-2005 11 MF Sergey Semak
4%
2005-2006 11 MF Sergey Semak
4%
2000-2001 12 MF Stéphane Dalmat
4%
2018-2019 33 MF Antoine Bernede
3%
2001-2002 26 FW Bartholomew Ogbeche
3%
2002-2003 26 FW Bartholomew Ogbeche
3%
2003-2004 26 FW Bartholomew Ogbeche
3%
2004-2005 12 FW Bartholomew Ogbeche
3%
2000-2001 7 FW Christian
3%
2007-2008 14 FW David N'Gog
3%
2000-2001 31 DF Didier Domi
3%
2001-2002 18 DF Didier Domi
3%
2002-2003 18 DF Didier Domi
3%
2000-2001 1 GK Dominique Casagrande
3%
2007-2008 24 DF Grégory Bourillon
3%
2008-2009 6 DF Grégory Bourillon
3%
2009-2010 6 DF Grégory Bourillon
3%
2003-2004 24 DF José-Karl Pierre-Fanfan
3%
2004-2005 24 DF José-Karl Pierre-Fanfan
3%
2010-2011 38 FW Neeskens Kebano
3%
2000-2001 5 MF Peter Luccin
3%
2000-2001 21 DF Sylvain Distin
3%
2000-2001 4 DF Talal El Karkouri
3%
2001-2002 12 DF Talal El Karkouri
3%
2002-2003 12 DF Talal El Karkouri
3%
2003-2004 12 DF Talal El Karkouri
3%
2000-2001 3 MF Vampeta
3%
2007-2008 27 MF Younousse Sankharé
3%
2008-2009 27 MF Younousse Sankharé
3%
2009-2010 27 MF Younousse Sankharé
3%
2001-2002 7 FW Aloisio Chulapa
2%
2002-2003 11 FW Aloisio Chulapa
2%
2005-2006 26 DF Boukary Dramé
2%
2006-2007 26 DF Boukary Dramé
2%
2003-2004 10 MF Branko Boskovic
2%
2004-2005 10 MF Branko Boskovic
2%
2005-2006 18 FW Carlos Bueno
2%
2004-2005 27 MF Charles-Edouard Coridon
2%
2005-2006 24 MF Christophe Landrin
2%
2006-2007 24 MF David Hellebuyck
2%
2002-2003 28 FW Filipe Teixeira
2%
2004-2005 21 FW Filipe Teixeira
2%
2001-2002 17 DF Francis Llacer
2%
2002-2003 17 DF Francis Llacer
2%
2007-2008 26 MF Granddi N'Goyi
2%
2008-2009 26 MF Granddi N'Goyi
2%
2009-2010 17 MF Granddi N'Goyi
2%
2000-2001 3 DF Grégory Paisley
2%
2000-2001 17 DF Jimmy Algérino
2%
2001-2002 3 DF Lionel Potillon
2%
2002-2003 3 DF Lionel Potillon
2%
2003-2004 3 DF Lionel Potillon
2%
2007-2008 18 FW Loris Arnaud
2%
2008-2009 18 FW Loris Arnaud
2%
2009-2010 18 FW Loris Arnaud
2%
2002-2003 9 FW Martín Cardetti
2%
2000-2001 23 MF Pierre Ducrocq
2%
2001-2002 23 MF Pierre Ducrocq
2%
2003-2004 21 MF Romain Rocchi
2%
2005-2006 14 MF Rudy Haddad
2%
2002-2003 29 MF Selim Benachour
2%
2003-2004 18 MF Selim Benachour
2%
2004-2005 18 MF Selim Benachour
2%
2002-2003 8 MF Stéphane Pédron
2%
2004-2005 2 DF Stéphane Pichot
2%
2005-2006 2 DF Stéphane Pichot
2%
2008-2009 24 DF Tripy Makonda
2%
2009-2010 24 DF Tripy Makonda
2%
2010-2011 24 DF Tripy Makonda
2%
2006-2007 33 MF Youssouf Mulumbu
2%
2008-2009 29 MF Youssouf Mulumbu
2%
2001-2002 36 FW Agostinho
1%
2006-2007 27 MF Albert Baning
1%
2009-2010 12 MF Albert Baning
1%
2002-2003 33 MF Alex Nyarko
1%
2001-2002 22 DF Cristóbal Parralo
1%
2002-2003 22 DF Cristóbal Parralo
1%
2007-2008 8 MF Didier Digard
1%
2003-2004 13 DF Éric Cubilier
1%
2005-2006 34 FW Franck Dja Djédjé
1%
2004-2005 20 DF Hélder Cristóvão
1%
2005-2006 13 MF Hocine Ragued
1%
2000-2001 22 MF Igor Yanovskiy
1%
2004-2005 17 DF Jean-Hugues Ateba
1%
2005-2006 17 DF Jean-Hugues Ateba
1%
2004-2005 26 DF Jean-Michel Badiane
1%
2005-2006 3 DF Jean-Michel Badiane
1%
2014-2015 33 FW Jérémi Kimmakon
1%
2007-2008 17 DF Larrys Mabiala
1%
2008-2009 17 DF Larrys Mabiala
1%
2008-2009 28 MF Maxime Partouche
1%
2003-2004 8 FW Reinaldo Oliveira
1%
2004-2005 8 FW Reinaldo Oliveira
1%
2009-2010 16 GK Willy Grondin
1%
No matching quizzes found
Score Distribution
Percent of People with Each Score
Percentile by Number Answered
Your Score History
You have not taken this quiz since the last reset